000 00792nam a2200241Ia 4500
003 GCL
008 140319s9999 xx 000 0 ara d
040 _aGCL /
_cGCL
082 0 4 _a330.015195
_bي م
100 1 _aمحمد غرس الدين
245 1 0 _aمدخل الى الاقتصاد القياسى /
_cمحمد غرس الدين
700 1 _aياسر محمد جادالله
260 _a[S.N] :
_bد. ن ،
_c2005
300 _a276 ص ؛
_c24 سم
650 0 4 _aالتخطيط الاقتصادى
650 0 4 _aالعلاقات الاقتصادية
650 0 4 _aالاحصاء
650 0 4 _aالاقتصاد التحليلى
650 0 4 _aالاقتصاد الرياضى
650 0 4 _aالاحصائيات
650 0 4 _aالاقتصاد القياسى
942 _2ddc
_cBK
999 _c8333
_d8333